| 000 | 00642nam a2200253Ia 4500 | ||
|---|---|---|---|
| 008 | 190123s9999 xx 000 0 und d | ||
| 020 | _a9780439087599 | ||
| 050 | _bP545 2000 | ||
| 100 | _aPhilbrick, Rodman | ||
| 245 | 4 | _aThe last book in the universe / | |
| 245 | 0 | _cby Rodman Philbrick. | |
| 260 | _aNew York, New York : | ||
| 260 | _bScholastic, | ||
| 260 | _c2000 | ||
| 300 | _a223 pages : | ||
| 300 | _bcolored illustrations ; | ||
| 300 | _c19cm. | ||
| 500 | _a740L | ||
| 650 | _aEpilepsy. | ||
| 650 | _aFuture in literature. | ||
| 650 | _aInformation technology. | ||
| 650 | _aScience fiction. | ||
| 700 | _aTitle. | ||
| 999 |
_c361183 _d361183 |
||